000 00388nam a2200133Ia 4500
008 130320s9999 xx 000 0 und d
100 _aDhanya R
245 _aFertiliser recommendation system for Kissan
502 _bMCA
_dEXT
_eAjith Kumar R
_hSri Ramakrishna Engineering College, Coimbatore
650 _aFARMING SYSTEM
650 _aKISSAN
650 _aFERTILIZER
700 _aRajesh R
999 _c2694
_d2694